<?xml version="1.0" encoding="UTF-8"?>
<record
    xmlns:xsi="http://www.w3.org/2001/XMLSchema-instance"
    xsi:schemaLocation="http://www.loc.gov/MARC21/slim http://www.loc.gov/standards/marcxml/schema/MARC21slim.xsd"
    xmlns="http://www.loc.gov/MARC21/slim">

  <leader>00379nam a2200145Ia 4500</leader>
  <controlfield tag="008">230519s9999    xx            000 0 und d</controlfield>
  <datafield tag="020" ind1=" " ind2=" ">
    <subfield code="a">978-93-81390-16-0</subfield>
  </datafield>
  <datafield tag="041" ind1=" " ind2=" ">
    <subfield code="a">eng</subfield>
  </datafield>
  <datafield tag="082" ind1=" " ind2=" ">
    <subfield code="a">PS/610.7365/GUP/DB0394</subfield>
  </datafield>
  <datafield tag="100" ind1=" " ind2=" ">
    <subfield code="a">Gupta Ram</subfield>
  </datafield>
  <datafield tag="245" ind1=" " ind2=" ">
    <subfield code="a">Textbook of Mental Health Nursing</subfield>
  </datafield>
  <datafield tag="260" ind1=" " ind2=" ">
    <subfield code="b">S Vikas and Co</subfield>
    <subfield code="a">Jalandhar</subfield>
    <subfield code="c">2014</subfield>
  </datafield>
  <datafield tag="300" ind1=" " ind2=" ">
    <subfield code="a">560p</subfield>
  </datafield>
  <datafield tag="999" ind1=" " ind2=" ">
    <subfield code="c">159197</subfield>
    <subfield code="d">159197</subfield>
  </datafield>
  <datafield tag="952" ind1=" " ind2=" ">
    <subfield code="0">0</subfield>
    <subfield code="1">0</subfield>
    <subfield code="4">0</subfield>
    <subfield code="7">0</subfield>
    <subfield code="8">PS</subfield>
    <subfield code="a">BTIN</subfield>
    <subfield code="b">BTIN</subfield>
    <subfield code="d">2015-07-01</subfield>
    <subfield code="g">625.00</subfield>
    <subfield code="i">79</subfield>
    <subfield code="l">19</subfield>
    <subfield code="m">16</subfield>
    <subfield code="o">PS 610.7365 GUP DB0394</subfield>
    <subfield code="p">BTIN-DB-394</subfield>
    <subfield code="r">2026-05-13 11:05:01</subfield>
    <subfield code="s">2025-07-01</subfield>
    <subfield code="w">2015-05-20</subfield>
    <subfield code="y">DB</subfield>
    <subfield code="z">DB0394</subfield>
  </datafield>
  <datafield tag="952" ind1=" " ind2=" ">
    <subfield code="0">0</subfield>
    <subfield code="1">0</subfield>
    <subfield code="4">0</subfield>
    <subfield code="7">0</subfield>
    <subfield code="8">PS</subfield>
    <subfield code="a">BTIN</subfield>
    <subfield code="b">BTIN</subfield>
    <subfield code="d">2018-04-20</subfield>
    <subfield code="g">725.00</subfield>
    <subfield code="i">79</subfield>
    <subfield code="l">20</subfield>
    <subfield code="m">9</subfield>
    <subfield code="o">PS 610.7365 GUP DB0688</subfield>
    <subfield code="p">BTIN-DB-688</subfield>
    <subfield code="r">2025-08-16 00:00:00</subfield>
    <subfield code="s">2025-07-16</subfield>
    <subfield code="w">2015-05-20</subfield>
    <subfield code="y">DB</subfield>
    <subfield code="z">DB0688</subfield>
  </datafield>
  <datafield tag="952" ind1=" " ind2=" ">
    <subfield code="0">0</subfield>
    <subfield code="1">0</subfield>
    <subfield code="4">0</subfield>
    <subfield code="7">0</subfield>
    <subfield code="8">PS</subfield>
    <subfield code="a">BTIN</subfield>
    <subfield code="b">BTIN</subfield>
    <subfield code="d">2018-08-29</subfield>
    <subfield code="g">425.00</subfield>
    <subfield code="i">79</subfield>
    <subfield code="l">19</subfield>
    <subfield code="m">14</subfield>
    <subfield code="o">PS 610.7365 GUP DB0732</subfield>
    <subfield code="p">BTIN-DB-732</subfield>
    <subfield code="r">2025-08-16 00:00:00</subfield>
    <subfield code="s">2025-08-02</subfield>
    <subfield code="w">2015-05-20</subfield>
    <subfield code="y">DB</subfield>
    <subfield code="z">DB0732</subfield>
  </datafield>
</record>
